书目信息 |
| 题名: |
结构生物信息学:英文版
|
|
| 作者: | 魏冬梅 | |
| 分册: | ||
| 出版信息: | 上海 上海交通大学出版社 2015 |
|
| 页数: | 381页 | |
| 开本: | 26cm | |
| 丛书名: | ||
| 单 册: | ||
| 中图分类: | Q617 | |
| 科图分类: | ||
| 主题词: | 理论生物物理学 | |
| 电子资源: | ||
| ISBN: | 978-7-313-13982-5 | |
| 000 | 00622nam0 2200205 450 | |
| 001 | 3720 | |
| 005 | 20161103110130.53 | |
| 010 | @a978-7-313-13982-5@b平装@dCNY248.00 | |
| 100 | @a20151002d2015 km y0chiy0120 ea | |
| 101 | 0 | @achi |
| 102 | @aCN@b310000 | |
| 200 | 1 | @a结构生物信息学:英文版@Ajie gou sheng wu xin xi xue:ying wen ban@f魏冬梅@Fwei dong mei |
| 210 | @a上海@c上海交通大学出版社@d2015 | |
| 215 | @a381页@d26cm | |
| 330 | @a生物结构·生物信息论·研究·英文 | |
| 606 | 0 | @a理论生物物理学 |
| 690 | @aQ617@v4 | |
| 701 | 0 | @a魏冬梅@Awei dong mei |
| 801 | 0 | @aCN@b唐山师范学院图书馆@c20151002 |
| 905 | @aZUCC@dQ617@e27 | |
| 结构生物信息学:英文版/魏冬梅.-上海:上海交通大学出版社,2015 |
| 381页;26cm |
| ISBN 978-7-313-13982-5(平装):CNY248.00 |
| 生物结构·生物信息论·研究·英文 |
| ● |
| 相关链接 |
|
|
|
|
正题名:结构生物信息学:英文版
索取号:Q617/27
 
预约/预借
| 序号 | 登录号 | 条形码 | 馆藏地/架位号 | 状态 | 备注 |
| 1 | 906190 | 209061904 | 第二样本阅览室/ [索取号:Q617/27] | 在馆 | |
| 2 | 906191 | 209061913 | 密集书库-生命科学系/ [索取号:Q617/27] | 在馆 | |
| 3 | 906192 | 209061922 | 第三借阅区/ [索取号:Q617/27] | 在馆 | |
| 4 | 906193 | 209061931 | 第三借阅区/ [索取号:Q617/27] | 在馆 | |
| 5 | 906194 | 209061940 | 第三借阅区/ [索取号:Q617/27] | 在馆 |